Les Sociťš en Ligne

Bibliographic Details
Main Author: Kando Byniemo, Bianief Docilia
Format: eBook
Published: Pars̕: Éditions Universitaires Europěnes, 2019
Subjects:
Online Access:Acceso restringido

MARC

LEADER 00000nam a22000007a 4500
005 20191003220941.0
007 cr|||| ||||
008 191003s2019 fr |||||s|||| 00||0 fra d
020 |a 9786138460732 
035 |a 29150 
040 |a vLex 
090 |c 9697  |d 9697 
100 1 |a Kando Byniemo, Bianief Docilia 
245 1 3 |a  Les Sociťš en Ligne  |h [Recurso electrn̤ico] /  |c Bianief Docilia Kando Byniemo 
256 |a Servicio en ln̕ea 
260 |a Pars̕:  |b Éditions Universitaires Europěnes,  |c 2019 
300 |a 1 recurso electrn̤ico 
500 |a Le dv̌eloppent exponentiel des progrs̈ de la tľčommunication et de la technologie de l’informatique ont constituš le support sur lequel les nouveaux marchš commerciaux se sont mis en place, constituant le commerce ľectronique, qui est la base mm̊e des sociťš en ligne. Le lǧislateur tunisien a promulgu ̌le 31 dčembre 2004, la loi nʻ2004-89 relative aux procďures de constitution des sociťš en ligne, suivi par la crǎtion par l’API d’un guichet unique qui a pour but de mettre en œuvre des procďures de constitution des sociťš en ligne rapides et simplifiěs. Les sociťš en ligne sont emmeněs ̉conclure des actes ayant pour objet soit la vente, l’achat ou encore le recrutement, elles ont donc pour cela besoin d’un outils simple et fiable afin de conclure des contrats sans se dp̌lacer et sans avoir besoin de l’imprim.̌ Et pour l’acquittement de ces contrat, on a vu apparat̋re de nouveaux moyens de paiement en ligne, ršultat d’un processus de dm̌atřialisation qui a pour but de facilit ̌les paiements ľectroniques, en plus de les rendre plus rapide, et le tout, totalement sčuris.̌ 
506 1 |a Disponible solo en los productos indicados  |d vLex Global  |d vLex Global (Academic Edition, excluding Law Schools)  |d vLex Global (U.S. Academic Edition, Law Schools)  |d vLex Global (U.S. Academic Edition, excluding Law Schools)  |d vLex Global (Academic Edition, Law Schools) 
650 0 4 |a Derecho Mercantil y de la Empresa  |z Francia 
740 0 |a vLex Libros (Servicio en ln̕ea) 
856 4 0 |u http://vlex.com/source/29150  |z Acceso restringido 
942 |c BOOK 
999 0 |a Commercial and Business Law